Formas dos países da Copa do Mundo 2026 - Statistics

Estatísticas Gerais
  • Esse quiz foi jogado 72 vezes
  • A pontuação média é 28 de 42
Estatísticas das Respostas
Imagem Resposta % Correto
Brasil
100%
Estados Unidos
100%
Austrália
93%
Portugal
90%
Egito
86%
França
86%
Argentina
83%
México
83%
Alemanha
81%
Canadá
81%
Noruega
81%
Japão
79%
África do Sul
78%
Espanha
78%
Marrocos
78%
Inglaterra
74%
Croácia
72%
Uruguai
69%
Arábia Saudita
67%
Áustria
67%
Nova Zelândia
67%
Paraguai
67%
Senegal
64%
Argélia
62%
Cabo Verde
62%
Colômbia
62%
Jordânia
59%
Suíça
59%
Irão
57%
Equador
55%
Gana
55%
Haiti
55%
Países Baixos
55%
Panamá
55%
Tunísia
55%
Coreia do Sul
52%
Costa do Marfim
52%
Bélgica
48%
Uzbequistão
48%
Escócia
45%
Catar
40%
Curaçao
40%
Nenhum quiz correspondente encontrado
Distribuição das Pontuações
Porcentagem de Pessoas com Cada Pontuação
Percentil de Números Respondidos
Sua Pontuação Histórica
Você não jogou esse quiz